Miracles of Face Yoga/ (Record no. 192907)

MARC details
000 -LEADER
fixed length control field 00626nam a22002057a 4500
005 - DATE AND TIME OF LATEST TRANSACTION
control field 20221010151618.0
010 ## - LCCN (DPL NO)
LC control number B-745940
020 ## - INTERNATIONAL STANDARD BOOK NUMBER
International Standard Book Number 9789390378999
Terms of availability 250.00
035 ## - SYSTEM CONTROL NUMBER
System control number B-745940
037 ## - SOURCE OF ACQUISITION
Source of stock number/acquisition Prabhat Paperbacks
082 ## - DEWEY DECIMAL CLASSIFICATION NUMBER
Classification number 613.4046
100 ## - MAIN ENTRY--PERSONAL NAME
Personal name Gulati, Mansi
245 ## - TITLE STATEMENT
Title Miracles of Face Yoga/
Statement of responsibility, etc Mansi Gulati
250 ## - EDITION STATEMENT
Edition statement 1st
260 ## - PUBLICATION, DISTRIBUTION, ETC. (IMPRINT)
Place of publication, distribution, etc New Delhi
Name of publisher, distributor, etc Prabhat Paperbacks
Date of publication, distribution, etc 2001
270 ## - ADDRESS
Address 4/19 Asaf Ali Road,
City New Delhi
Postal code 110002
300 ## - PHYSICAL DESCRIPTION
Extent 182p.
Dimensions 22cm (pbk)
942 ## - ADDED ENTRY ELEMENTS (KOHA)
Source of classification or shelving scheme Dewey Decimal Classification
Item type English Books
Call number suffix GUL
Classification part 613.4046
Holdings
Withdrawn status Lost status Not for loan Collection code Home library Current library Date acquired Source of acquisition Cost, normal purchase price Full call number Barcode Copy number Cost, replacement price Koha item type Public note
      Non-fiction Central Library Central Library 10/10/2022 6.10.22/Gift 250.00 613.4046 GUL B-745940 1 250.00 English Books Gift

© Delhi Public Library
Hit Counter
free hit counter